| 000 | 01132nam a2200277 i 4500 | ||
|---|---|---|---|
| 001 | 72325 | ||
| 003 | ES-MaACL | ||
| 005 | 20250830095353.0 | ||
| 007 | t| | ||
| 008 | 040831s1899 sp |||| | spa d | ||
| 080 | _a316 Schäffle, Albert Eberkarel Friedrich | ||
| 080 | _a321.01 | ||
| 080 | _a316.6 | ||
| 100 | 1 |
_aGiner de los Ríos, Francisco, _d1839-1915 _957122 |
|
| 245 | 1 | 3 |
_aLa persona social : _bestudios y fragmentos / _cFrancisco Giner de los Ríos. |
| 260 |
_aMadrid : _bLibrería General de Victoriano Suárez, _c[1899] ( _fEst. Tip. de la Viuda e Hijos de Manuel Tello) |
||
| 300 |
_a433 p. ; _c21 cm. |
||
| 505 | 8 | _aContiene: La personalidad ; Teorías sobre la persona social ; El Estado social ; Individuo y Estado ; Las teorías sociales de Schaeffe | |
| 530 | _aDisponible en formato digital. | ||
| 600 | 1 | 4 |
_aSchäffle, Albert Eberhard Friedrich. _9149512 |
| 650 | 7 |
_aEstado _2embne _912523 |
|
| 650 | 4 |
_aIndividuo y sociedad. _9178816 |
|
| 852 |
_aES-MaACL _jA-594 |
||
| 856 |
_uhttp://bdh-rd.bne.es/viewer.vm?id=0000246801&page=1 _zBiblioteca Digital Hispánica |
||
| 999 |
_c72325 _d72325 |
||